| 000 | 00945nam a22003017a 4500 | ||
|---|---|---|---|
| 001 | 7094 | ||
| 003 | FISKH | ||
| 005 | 20250825135355.0 | ||
| 008 | 250620b cb ||||| |||| 00| 0 eng d | ||
| 020 | _a9781606945131 | ||
| 040 |
_aFISKH _beng _cFISKH _dFISKH |
||
| 050 | _aQC90.6 .K3687 | ||
| 082 | _a530.8 | ||
| 100 | _aKarapetkova, Holly | ||
| 245 |
_aTeaspoons, tablespoons, and cups / _cBy Holly Karapetkova |
||
| 260 |
_aFlorida : _bRourke Publishing , _c2010. |
||
| 300 |
_a24 pages : _bcolor illustrations ; _c21 x21 cm . |
||
| 490 | _aMeasuring | ||
| 505 | _aD | ||
| 520 | _aSimple sentences and illustrated repetitive text will introduce early learners to teaspoons, tablespoons, and cups. | ||
| 521 | 8 |
_a160
_bLexile estimate |
|
| 521 | 8 |
_aD
_bRaz-Plus |
|
| 650 |
_aInformational _vNon-fiction |
||
| 650 |
_aExpository _vNon-fiction |
||
| 700 |
_aGreve, Meg _eEditor |
||
| 942 |
_2ddc _cBK _n0 |
||
| 999 |
_c7094 _d7094 |
||